AH International Schools' Libraries

(Khmer) the girl with silver hair / (Record no. 50045)

MARC details
000 -LEADER
fixed length control field 00371nam a2200133 4500
020 ## - INTERNATIONAL STANDARD BOOK NUMBER
International Standard Book Number 9789996305528
245 ## - TITLE STATEMENT
Title (Khmer) the girl with silver hair /
Statement of responsibility, etc Ouch Sodany.
250 ## - EDITION STATEMENT
Edition statement 7th ed.
260 ## - PUBLICATION, DISTRIBUTION, ETC. (IMPRINT)
Place of publication, distribution, etc Cambodia:
Name of publisher, distributor, etc Sipar;
Date of publication, distribution, etc 2022.
300 ## - PHYSICAL DESCRIPTION
Extent 43 p.
Other physical details col. ill.
Dimensions 19 cm.
490 ## - SERIES STATEMENT
Series statement I can read;
700 ## - ADDED ENTRY--PERSONAL NAME
Relator code illustrator.
Personal name Nhek Sophaleap.
9 (RLIN) 84700
942 ## - ADDED ENTRY ELEMENTS (KOHA)
Source of classification or shelving scheme
Koha item type Khmer Fic Books
Holdings
Withdrawn status Lost status Source of classification or shelving scheme Damaged status Not for loan Collection code Home library Current library Date acquired Total Checkouts Full call number Barcode Date last seen Date checked out Price effective from Koha item type
          Siem Riep Asian Hope Secondary Library Asian Hope Secondary Library 01/13/2026 3 KHMER J FIC OUC 210168 03/12/2026 03/05/2026 01/13/2026 Khmer Fic Books

For any Logos Library related questions please contact Miss Art at swongnarasuk@asianhope.org.

For any Asian Hope Library related questions please contact Miss Raza at graza@asianhope.org.

Powered by Koha